Every Nokia N-Gage Game - Statistics

General Stats
  • This quiz has been taken 34 times
  • The average score is 29 of 58
Answer Stats
Released Publisher Genre Game % Correct
2003 EA Sports FIFA Football 2004
83%
2004 EA Sports FIFA Football 2005
83%
2003 Sega Platform SonicN
78%
2004 Bethesda Softworks RPG The Elder Scrolls Travels: Shadowkey
78%
2005 SNK Fighting The King of Fighters Extreme
78%
2004 EA Simulation The Sims Bustin' Out
78%
2003 Eidos Interactive Action-Adventure Tomb Raider
78%
2003 Activision Extreme Sports Tony Hawk's Pro Skater
78%
2004 Hudson Soft Arcade Bomberman
74%
2004 Vivendi Games Racing Crash Nitro Kart
74%
2003 Eidos Interactive Platform Pandemonium!
74%
2004 Gameloft Platform Rayman 3
74%
2005 Nokia Arcade Snakes
74%
2005 EA Extreme Sports SSX Out of Bounds
74%
2005 Gameloft Stealth Tom Clancy's Splinter Cell: Chaos Theory
74%
2003 Gameloft Stealth Tom Clancy's Splinter Cell: Team Stealth Action
74%
2005 THQ Fighting WWE Aftershock
74%
2004 Activision Shooter Call of Duty
70%
2005 Nokia Fighting ONE
70%
2005 Activision Action-Adventure X-Men Legends
70%
2005 Activision Action-Adventure X-Men Legends II: Rise of Apocalypse
70%
2005 Atari Arcade Atari Masterpieces Vol. I
65%
2006 Atari Arcade Atari Masterpieces Vol. II
65%
2006 Atari Strategy Civilization
65%
2003 THQ Sports MLB Slam!
65%
2003 THQ Shooter Red Faction
65%
2004 Activision Action-Adventure Spider-Man 2
65%
2004 EA Sports Tiger Woods PGA Tour 2004
65%
2003 Sega Sports Virtua Tennis
61%
2005 Capcom Strategy Catan
57%
2003 Sega Platform Super Monkey Ball
57%
2004 Gameloft Stealth Tom Clancy's Ghost Recon: Jungle Storm
57%
2005 Nokia Strategy High Seize
52%
2004 Sega MMO RPG Pocket Kingdom: Own the World
52%
2005 THQ Strategy Worms World Party
52%
2004 Nokia Shooter Ashen
48%
2003 THQ Racing MotoGP
43%
2005 Nokia Action-Adventure The Roots: Gates of Chaos
43%
2006 THQ Strategy Warhammer 40,000: Glory in Death
43%
2004 Gameloft Racing Asphalt Urban GT
39%
2005 Gameloft Racing Asphalt: Urban GT 2
39%
2004 Nokia Action-Adventure Operation Shadow
30%
2005 Nokia Racing System Rush
30%
2005 Nokia Strategy Rifts: Promise of Power
26%
2004 Sega Racing Sega Rally Championship
22%
2004 Nokia Strategy Pathway to Glory
13%
2005 Nokia Strategy Pathway to Glory: Ikusa Islands
13%
2006 Nokia Racing Payload
13%
2004 Codemasters Racing Colin McRae Rally 2005
9%
2003 Sega Puzzle Puyo Pop
9%
2005 Nokia Pinball Mile High Pinball
4%
2003 Nokia Puzzle Puzzle Bobble VS
4%
2003 Nokia Sports Flo-Boarding
0%
2005 Nokia Racing Glimmerati
0%
2004 Gameloft Sports Marcel Desailly Pro Soccer
0%
2003 EA Sports NCAA Football 2004
0%
2004 Nokia RPG Requiem of Hell
0%
2005 Nokia Action-Adventure Xanadu Next
0%
No matching quizzes found
Score Distribution
Percent of People with Each Score
Percentile by Number Answered
Your Score History
You have not taken this quiz